00777nam a2200253 a 4500001001300000003000900013005001700022008004100039020002300080082001600103100002500119245002500144260003600169300000900205500003500214505001000249650002000259700002500279902000800304942000700312952009700319952009200416999001500508nice12345678IN_TiNIC20260116013041.0080410s1975 newa grp 000 0 eng  a0140191682 c15000a297.4bNIC7 aNicholson, Reynold A aThe Mystics of Islam aNew DelhibPenguin Books c1975 a178p aincludes index and biblioraphy2 aIndex aIslam-Mysticism1 aNicholson, Reynold A bSRS cBK 00114070aHMIbHMId2008-04-10g150.00l0o297.4 NIC7p015264r2008-04-10w2026-01-16yBK 00104070aHMIbHMIcGENd2019-06-27l0o297.4 NIC7p01664r2019-06-27w2019-06-27yEB c9438d9438